Представление документа в формате RUSMARC

ПолеНазваниеЗначение
  Тип записи a
  Библиографический уровень m
001 Контрольный номер RU/CBS_UL/BASE/047fcb66cdad4bd2b3c88ea93a290571
005 Дата корректировки 20250814100013.6
010 Индекс ISBN __
a ISBN 978-5-17-156628-9
b Уточнения в пер.
d Цена 684 р. 75 к.
9 Тираж 2 000 экз.
100 Данные общей обработки __
a Данные общей обработки 20241016d 0rusy0189## ca
101 Язык документа 0_
a Язык текста rus
102 Страна публикации __
a Страна публикации RU
200 Заглавие и сведения об ответственности 1_
a Заглавие Шокирующая живопись
f Первые сведения об ответственности А. В. Жукова
210 Выходные данные 1_
a Место издания Москва
c Издательство АСТ
c Издательство Огиз
d Дата издания 2024
215 Физическое описание __
a Объем 222, [1] с.
c Иллюстрации/тип воспроизводства [16] л. ил.
d Формат 20,5 см.
225 Серия 2_
a Серия Шокирующее искусство
300 Общие примечания __
a Общие примечания 16+
600 Персоналии _1
a Персоналии (Фамилия) Ангвиссола
b Персоналии (Имя, инициалы) С.
g Полное имя Софонисба
600 Персоналии _1
a Персоналии (Фамилия) Веревкин
b Персоналии (Имя, инициалы) М. В.
600 Персоналии _1
a Персоналии (Фамилия) Бернини
b Персоналии (Имя, инициалы) Л.
600 Персоналии _1
a Персоналии (Фамилия) Борромини
b Персоналии (Имя, инициалы) Ф.
600 Персоналии _1
a Персоналии (Фамилия) Боттичелли
b Персоналии (Имя, инициалы) С.
600 Персоналии _1
a Персоналии (Фамилия) Гоген
b Персоналии (Имя, инициалы) П.
600 Персоналии _1
a Персоналии (Фамилия) Валадон
b Персоналии (Имя, инициалы) С.
600 Персоналии _1
a Персоналии (Фамилия) Гойя
b Персоналии (Имя, инициалы) Ф.
600 Персоналии _1
a Персоналии (Фамилия) Леонардо да Винчи
600 Персоналии _1
a Персоналии (Фамилия) Липпи
b Персоналии (Имя, инициалы) Ф.
600 Персоналии _1
a Персоналии (Фамилия) Мане
b Персоналии (Имя, инициалы) Э.
600 Персоналии _1
a Персоналии (Фамилия) Буонарроти
b Персоналии (Имя, инициалы) М.
600 Персоналии _1
a Персоналии (Фамилия) Кауфман
b Персоналии (Имя, инициалы) А.
606 Тематические рубрики 0_
a Основная рубрика Живопись - Художники
610 Ключевые слова 0_
a Ключевые слова изобразительное искусство
610 Ключевые слова 0_
a Ключевые слова живопись; художники великие
610 Ключевые слова 0_
a Ключевые слова творчество художников; биографии художников; истории занимательные
610 Ключевые слова 0_
a Ключевые слова шедевры искусства
610 Ключевые слова 0_
a Ключевые слова тайны искусства
686 Индексы других классификаций __
2 Код системы rubbk
a Классификационный индекс 85.14
700 Автор _1
a Фамилия Жукова
b Имя (инициалы) А. В.
g Полное личное имя Александра Васильевна
801 Источник записи _0
a Страна RU
b Организация МБУК ЦБС г. Ульяновска
c Дата составления 20241016
g Правила каталогизации RCR
801 Источник записи _1
a Страна RU
b Организация МБУК ЦБС г. Ульяновска
c Дата составления 20241016
g Правила каталогизации RCR
852 Данные о местонахождении __
i Авторский знак Ж 86
j Шифр хранения 85.14
900 Электронные ресурсы __
a Имя электронного ресурса шок.живопись
901 Тип документа __
t Тип документа m